Captura aseguramiento y libertad / (Registro nro. 2627)

Detalles MARC
000 -LEADER
fixed length control field 01303nam a2200313 4500
001 - CONTROL NUMBER
control field 0000017423
003 - CONTROL NUMBER IDENTIFIER
control field CO-CtgCURN
005 - DATE AND TIME OF LATEST TRANSACTION
control field 20250513155117.0
007 - PHYSICAL DESCRIPTION FIXED FIELD--GENERAL INFORMATION
fixed length control field ta
008 - FIXED-LENGTH DATA ELEMENTS--GENERAL INFORMATION
fixed length control field 160627s1998 000 0 eng d
020 ## - INTERNATIONAL STANDARD BOOK NUMBER
International Standard Book Number 958676060X
040 ## - CATALOGING SOURCE
Original cataloging agency CO-CtgCURN
Language of cataloging spa
Transcribing agency coctgcurn
082 0# - DEWEY DECIMAL CLASSIFICATION NUMBER
Classification number 345.02
Item number A54c
100 1# - MAIN ENTRY--PERSONAL NAME
Personal name Angulo González, Guillermo.
245 10 - TITLE STATEMENT
Title Captura aseguramiento y libertad /
Statement of responsibility, etc. Guillermo Angulo González.
250 ## - EDITION STATEMENT
Edition statement 3a ed.
260 ## - PUBLICATION, DISTRIBUTION, ETC.
Place of publication, distribution, etc. Bogotá :
Name of publisher, distributor, etc. Ediciones Doctrina y Ley,
Date of publication, distribution, etc. 1998.
300 ## - PHYSICAL DESCRIPTION
Extent xviii, 444 p.
336 ## - CONTENT TYPE
Source rdacontent
337 ## - MEDIA TYPE
Source rdamedia
Media type term sin mediacion
Media type code n
338 ## - CARRIER TYPE
Source rdacarrier
Carrier type term volumen
Carrier type code nc
504 ## - BIBLIOGRAPHY, ETC. NOTE
Bibliography, etc. note Bibiografia (p. 441-444)
505 8# - FORMATTED CONTENTS NOTE
Formatted contents note Actos cautelares restrictivos de la libertad.--La captura.--Medidas de aseguramiento.--La libertad provisional.--Prohibiciones de libertad provisional.--Medidas de aseguramiento para inimputables.--Control de legalidad sobre la aprehension habeas corpus.--Beneficios por colaboracion eficaz con la Administración de justicia.--A manera de reflexion
650 14 - SUBJECT ADDED ENTRY--TOPICAL TERM
Topical term or geographic name entry element Detencion
Geographic subdivision Colombia.
908 ## - PUT COMMAND PARAMETER (RLIN)
Put command parameter 160627
942 ## - ADDED ENTRY ELEMENTS (KOHA)
Koha item type Libros
Classification part 345.02
Item part A54c
Source of classification or shelving scheme Dewey Decimal Classification
Suppress in OPAC No
Existencias
Withdrawn status Lost status Source of classification or shelving scheme Damaged status Not for loan Collection Home library Current library Shelving location Date acquired Inventory number Total checkouts Full call number Barcode Date last seen Copy number Price effective from Koha item type Public note
    Dewey Decimal Classification     General Miguel Henríquez Castañeda Miguel Henríquez Castañeda General 03/29/2025 004697   345.02 A54c 004697 03/29/2025 ej.1 03/29/2025 Libros 340-DEREC
    Dewey Decimal Classification     General Miguel Henríquez Castañeda Miguel Henríquez Castañeda General 03/29/2025 004698   345.02 A54c 004698 03/29/2025 ej.2 03/29/2025 Libros 340-DEREC